[Event "ch-USA 2017"]
[Site "Saint Louis USA"]
[Date "2017.04.01"]
[Round "4.2"]
[White "Kamsky,G"]
[Black "Nakamura,Hi"]
[Result "1/2-1/2"]
[WhiteElo "2659"]
[BlackElo "2793"]

1.d4 Nf6 2.Nf3 e6 3.Bf4 d5 4.e3 c5 5.c3 Nc6 6.Nbd2 cxd4 7.exd4 Nh5 8.Be3 Bd6
9.Ne5 g6 10.g4 Ng7 11.h4 Nxe5 12.dxe5 Bxe5 13.Nf3 Bf6 14.h5 O-O 15.Qd2 d4
16.cxd4 b6 17.hxg6 fxg6 18.Ne5 Bb7 19.Rh3 Rc8 20.Be2 Bg2 21.Rg3 Bd5 22.Rh3 Bg2
23.Rg3 Be4 24.Rc1 Qd6 25.a3 Rxc1+ 26.Qxc1 Bxe5 27.dxe5 Qxe5 28.Qd2 Bd5 29.Bd4 Qe4
30.f3 Qf4  1/2-1/2

[Event "ch-USA 2017"]
[Site "Saint Louis USA"]
[Date "2017.04.02"]
[Round "5.2"]
[White "Nakamura,Hi"]
[Black "Naroditsky,D"]
[Result "1/2-1/2"]
[WhiteElo "2793"]
[BlackElo "2646"]

1.c4 e5 2.g3 Nc6 3.Bg2 f5 4.Nc3 Nf6 5.a3 g6 6.e3 e4 7.d3 exd3 8.Nf3 Bg7 9.Qxd3 d6
10.O-O O-O 11.Rd1 Qe7 12.Nd5 Qd8 13.Rb1 Ne5 14.Qc2 c6 15.Nxf6+ Qxf6 16.Bd2 Qe7
17.Bb4 c5 18.Bc3 f4 19.Nxe5 dxe5 20.exf4 Bf5 21.Be4 exf4 22.Re1 Qc7 23.Bxg7 Qxg7
24.gxf4 Rad8 25.Rbd1 Bxe4 26.Rxe4 Rxd1+ 27.Qxd1 Qxb2 28.Qd5+ Rf7 29.Kg2 b6
30.Re7 Qf6 31.Rxa7  1/2-1/2

[Event "ch-USA 2017"]
[Site "Saint Louis USA"]
[Date "2017.04.04"]
[Round "6.2"]
[White "Shabalov,A"]
[Black "Nakamura,Hi"]
[Result "1/2-1/2"]
[WhiteElo "2556"]
[BlackElo "2793"]

1.e4 c5 2.Nf3 Nc6 3.Nc3 e5 4.Bc4 d6 5.d3 Be7 6.Nd2 Nf6 7.Nf1 Bg4 8.f3 Be6
9.Ne3 O-O 10.O-O Nd7 11.Ncd5 Bg5 12.c3 Na5 13.a3 Nxc4 14.dxc4 g6 15.Qe2 Bh6
16.Bd2 Bg7 17.Rad1 Rc8 18.Be1 Kh8 19.Bg3 Qe8 20.Bh4 f6 21.Rd3 Bg8 22.Rfd1 Rc6
23.b4 cxb4 24.axb4 a6 25.R3d2 Rc8 26.Bf2 Bh6 27.Rb2 f5 28.c5 fxe4 29.fxe4 dxc5
30.Nc4 Rc6 31.bxc5 Nxc5 32.Na5 Na4 33.Nxc6 Nxb2 34.Qxb2 bxc6 35.Nb6 Qe6 36.h3 Bg5
37.c4 h5 38.c5 Rd8 39.Rxd8 Bxd8 40.Qa1 Bg5 41.Qxa6 Qb3 42.Qa1  1/2-1/2

[Event "ch-USA 2017"]
[Site "Saint Louis USA"]
[Date "2017.04.05"]
[Round "7.3"]
[White "Nakamura,Hi"]
[Black "Shankland,S"]
[Result "1/2-1/2"]
[WhiteElo "2793"]
[BlackElo "2666"]

1.d4 d5 2.c4 c6 3.Nf3 Nf6 4.Nc3 dxc4 5.a4 e6 6.e3 c5 7.Bxc4 cxd4 8.exd4 Nc6
9.O-O Be7 10.Qe2 O-O 11.Rd1 Nb4 12.a5 Bd7 13.Ne5 Be8 14.Bg5 Nfd5 15.Bd2 a6
16.Nxd5 Nxd5 17.Bd3 Bg5 18.Ra3 Bxd2 19.Qxd2 f6 20.Nf3 Rc8 21.Be4 Bc6 22.Ne1 Ne7
23.Bb1 Qd6 24.Nc2 Rfd8 25.Ne3 Nd5 26.Ba2 Nxe3 27.fxe3 Bd5 28.Bxd5 Qxd5 29.Rc3 Rxc3
30.Qxc3 e5 31.b4 h5 32.h3 h4 33.Qc2 Qe6 34.Qc7 Qd7 35.Qc2 Qe6 36.Qc7 Qd7
37.Qc4+ Qd5 38.Rc1 exd4 39.exd4 Kf8 40.Qc5+ Qxc5 41.dxc5 Rd4 42.c6 bxc6 43.Rxc6 Rxb4
44.Rxa6 Kf7 45.Rb6 Ra4 46.a6 Kg6 47.Kf2 Ra3 48.Ke2 Rg3 49.Kf2 Ra3 50.Ke2 Rg3
51.Kf2  1/2-1/2

[Event "ch-USA 2017"]
[Site "Saint Louis USA"]
[Date "2017.04.06"]
[Round "8.1"]
[White "So,W"]
[Black "Nakamura,Hi"]
[Result "1/2-1/2"]
[WhiteElo "2822"]
[BlackElo "2793"]

1.d4 Nf6 2.c4 e6 3.Nf3 d5 4.g3 Bb4+ 5.Bd2 Be7 6.Bg2 O-O 7.O-O Nbd7 8.Qc2 Ne4
9.Bf4 c6 10.Nc3 g5 11.Bc1 f5 12.b3 b6 13.Bb2 Bb7 14.Rad1 Qe8 15.Nd2 Nd6 16.Ba3 Rc8
17.Rfe1 Nf7 18.Qb2 Nf6 19.Bxe7 Qxe7 20.b4 Rfd8 21.e3 g4 22.cxd5 cxd5 23.b5 Rc7
24.Rc1 Rdc8 25.Ne2 Nd6 26.Rxc7 Rxc7 27.Rc1 Rxc1+ 28.Nxc1 Nfe4 29.Bxe4 dxe4
30.Ne2 Bd5  1/2-1/2

[Event "ch-USA 2017"]
[Site "Saint Louis USA"]
[Date "2017.04.07"]
[Round "9.3"]
[White "Nakamura,Hi"]
[Black "Onischuk,Al"]
[Result "0-1"]
[WhiteElo "2793"]
[BlackElo "2667"]

1.c4 e6 2.Nc3 d5 3.d4 Nf6 4.cxd5 exd5 5.Bg5 c6 6.e3 Be7 7.Bd3 Nbd7 8.Qc2 Nh5
9.Bxe7 Qxe7 10.O-O-O Nb6 11.h3 g6 12.Nf3 Be6 13.Kb1 O-O-O 14.Nd2 Ng7 15.g4 Kb8
16.Nb3 h5 17.f3 Bc8 18.Qf2 hxg4 19.hxg4 Ne6 20.f4 Nc7 21.f5 Qg5 22.Rhg1 Rh3
23.e4 Rdh8 24.e5 Rh2 25.Qe1 Nc4 26.Bxc4 dxc4 27.Nd2 Qf4 28.e6 gxf5 29.exf7 Be6
30.Rf1 Qxg4 31.Nf3 Rg2 32.d5 cxd5 33.Nxd5 Qg7 34.Nc3 Qxf7 35.Qe5 Re8 36.Qd6 Qf8
37.Nb5 Qxd6 38.Nxd6 Rh8 39.Rh1 Rxh1 40.Rxh1 Rg8 41.Nd4 f4 42.Rh6 Bc8 43.Nxc4 Nd5
44.Kc2 Rd8 45.Rd6 Rxd6 46.Nxd6 Bh3 47.a3 Kc7 48.Ne4 a5 49.Nd2 b6 50.Kd3 Bg2
51.Nc2 Ne7 52.b4 a4 53.Nd4 Kd7 54.Ke2 Bd5 55.Nb5 Kc6 56.Nc3 b5 57.Kd3 Nf5
58.Nd1 Kd6 59.Nc3 Bc6 60.Nce4+ Ke7 61.Ng5 Kf6 62.Nge4+ Ke7 63.Ng5 Bg2 64.Nge4 Ke6
65.Nf2 Kd5 66.Nd1 Nd6 67.Nf2 Nc4 68.Nxc4 Bf1+ 69.Kc3 Bxc4 70.Nh3 Ke4 71.Kd2 Be6
72.Ng5+ Kd5 73.Nf3 Bg4 74.Nh4 Ke4 75.Ke1 Ke3  0-1

[Event "ch-USA 2017"]
[Site "Saint Louis USA"]
[Date "2017.04.08"]
[Round "10.4"]
[White "Zherebukh,Y"]
[Black "Nakamura,Hi"]
[Result "0-1"]
[WhiteElo "2605"]
[BlackElo "2793"]

1.e4 c6 2.d4 d5 3.Nc3 dxe4 4.Nxe4 Bf5 5.Ng3 Bg6 6.Nh3 Nf6 7.Nf4 Nbd7 8.Bc4 Qc7
9.O-O e6 10.c3 Bd6 11.Qf3 c5 12.dxc5 Bxc5 13.Bb3 O-O-O 14.Nxg6 hxg6 15.Bf4 e5
16.Be3 e4 17.Qe2 Bxe3 18.Qxe3 Rxh2 19.Rfd1 Rdh8 20.Qxa7 e3 21.Qxe3 Ng4  0-1

[Event "6th Zurich Opening Blitz"]
[Site "Zurich SUI"]
[Date "2017.04.12"]
[Round "1.2"]
[White "Nakamura,Hi"]
[Black "Kramnik,V"]
[Result "1/2-1/2"]
[WhiteElo "2793"]
[BlackElo "2811"]

1.d4 d5 2.c4 e6 3.Nc3 Nf6 4.Nf3 Nbd7 5.Bf4 Bb4 6.e3 c5 7.dxc5 Nxc5 8.Qc2 O-O
9.Be2 Nce4 10.O-O Bxc3 11.bxc3 dxc4 12.Bxc4 b6 13.Rad1 Qe7 14.Nd2 Bb7 15.Nxe4 Bxe4
16.Qe2 Rfd8 17.f3 Bd5 18.Ba6 Qc5 19.Kh1 h6 20.e4 Bc6 21.Be3 Qa5 22.Bc4 Ba4
23.Rc1 Rac8 24.Bb3 Nd7 25.f4 Nc5 26.Bxa4 Qxa4 27.Bd4 e5 28.Bxe5 Qxe4 29.Qg4 Qg6
30.Qxg6 fxg6 31.Bd4 Ne6 32.Be5 Rd2 33.a4 Rc4 34.Ra1 Re4 35.a5 g5 36.axb6 axb6
37.f5 Rxe5 38.fxe6 Rxe6 39.Rab1 Rc2 40.Rfc1 Rce2 41.h3 Kh7 42.c4 Rc6 43.Rb4 Rf6
44.Rb5 g4 45.hxg4 Rf4 46.Kh2 Rxg4 47.Rg1 Re6 48.Rc1 Reg6 49.Rc2 Rh4+ 50.Kg1 Rd6
51.c5 Rd1+ 52.Kf2 bxc5 53.Rbxc5 Rf4+ 54.Kg3 Rdd4 55.R5c3 Rh4 56.Kf2 Rdg4
57.Rg3 Rf4+ 58.Kg1 Rf7 59.Rf2 Re7 60.Rh3 Ra4 61.Kh2 Ra6 62.Rg3 g5 63.Rb3 Kg6
64.Rfb2 Ree6 65.g4 h5 66.gxh5+ Kxh5 67.Rh3+ Kg6 68.Rh8 Ra4 69.Rg2 Re5 70.Rg8+ Kf6
71.Rf2+ Rf4  1/2-1/2

[Event "6th Zurich Opening Blitz"]
[Site "Zurich SUI"]
[Date "2017.04.12"]
[Round "2.4"]
[White "Pelletier,Y"]
[Black "Nakamura,Hi"]
[Result "0-1"]
[WhiteElo "2541"]
[BlackElo "2793"]

1.d4 Nf6 2.c4 e6 3.Nf3 d5 4.Nc3 Be7 5.Bf4 O-O 6.e3 c5 7.dxc5 Bxc5 8.Qc2 Nc6
9.Rd1 Qa5 10.Be2 Nb4 11.Qb3 dxc4 12.Bxc4 Nbd5 13.Be5 Qb4 14.O-O Qxb3 15.Bxb3 Nxc3
16.Bxc3 b6 17.Ne5 Ne4 18.Bd4 Ba6 19.Bxc5 Nxc5 20.Bc4 Bxc4 21.Nxc4 Rfc8 22.Rd4 Kf8
23.Rfd1 Rc7 24.b3 f6 25.f3 Ke7 26.Kf2 Nd7 27.g4 b5 28.Nd6 a6 29.h4 Nb6 30.Ne4 Nd5
31.R1d2 a5 32.Ng3 b4 33.Nf5+ Kf8 34.Nd6 a4 35.e4 axb3 36.axb3 Nf4 37.Rxb4 Rd8
38.e5 fxe5 39.Rc4 Rcd7 40.Rc6 Ke7  0-1

[Event "6th Zurich Opening Blitz"]
[Site "Zurich SUI"]
[Date "2017.04.12"]
[Round "3.1"]
[White "Nakamura,Hi"]
[Black "Gelfand,B"]
[Result "1-0"]
[WhiteElo "2793"]
[BlackElo "2724"]

1.c4 c5 2.g3 g6 3.Bg2 Bg7 4.e3 e6 5.d4 cxd4 6.exd4 Ne7 7.Nc3 O-O 8.d5 exd5
9.cxd5 d6 10.Nf3 Bg4 11.O-O Nd7 12.Qa4 Bxf3 13.Bxf3 Nc5 14.Qd1 Rc8 15.Re1 Nf5
16.Bg4 Qf6 17.h4 Rfe8 18.Rxe8+ Rxe8 19.Bg5 Qd4 20.Bxf5 Qxd1+ 21.Rxd1 Bxc3
22.Bxg6 Bxb2 23.Bf5 Kg7 24.Kf1 h6 25.Be3 b6 26.Rb1 Bf6 27.Rb4 h5 28.Bf4 Be5
29.Bd2 Bf6 30.Bh3 Re4 31.Bg2 Rxb4 32.Bxb4 a5 33.Bd2 Bd4 34.Bf4 Nb7 35.Bh3 Be5
36.Be3 Nc5 37.g4 hxg4 38.Bxg4 b5 39.h5 b4 40.h6+ Kh8 41.Bf5 b3 42.axb3 Nxb3
43.Bc2 a4 44.Ke1 Nc5 45.Bc1 Nb3 46.Ba3 Nd4 47.Bxa4 f5 48.Bc1 Kh7 49.Bd1 f4
50.Kd2 Kxh6 51.Kd3 Nf5 52.Ke4 Kg5 53.Bd2 Ne7 54.Ba5 Ng8 55.Bd8+ Nf6+ 56.Kd3 Kf5
57.Bf3 Kg6 58.Kc4 Nh7 59.Be4+ Kh6 60.Kb5 Ng5 61.Bf5 Nf3 62.Be4 Nd2 63.Bd3 Bd4
64.Bc7 Bxf2 65.Bxd6 Be3 66.Bf8+ Kh5 67.d6 f3 68.Be7 Bf4 69.d7 Bc7 70.Kc6 Ba5
71.Bb4  1-0

[Event "6th Zurich Opening Blitz"]
[Site "Zurich SUI"]
[Date "2017.04.12"]
[Round "4.4"]
[White "Nakamura,Hi"]
[Black "Oparin,G"]
[Result "1/2-1/2"]
[WhiteElo "2793"]
[BlackElo "2604"]

1.e4 c5 2.Nf3 d6 3.d4 cxd4 4.Qxd4 Nf6 5.Bg5 Nc6 6.Bb5 Qa5+ 7.Nc3 Qxb5 8.Nxb5 Nxd4
9.Nfxd4 Nxe4 10.Nc7+ Kd8 11.Nxa8 Nxg5 12.Nb5 a6 13.Na7 Bd7 14.b4 d5 15.b5 axb5
16.Rb1 e6 17.Nxb5 Bc5 18.Nc3 Ke7 19.Nb6 Bc6 20.Nba4 Bd6 21.Nb5 Ra8 22.Nac3 Bc5
23.O-O Ne4 24.Nxe4 dxe4 25.a3 Ra5 26.c4 Ra4 27.Rb3 Rxc4 28.Nc3 e3 29.fxe3 Bxe3+
30.Kh1 Rg4 31.Rb2 Bd4 32.Rc1 h5 33.Rbc2 h4 34.h3 Rg3 35.Kh2 Bxc3 36.Rxc3 Rxg2+
37.Kh1 Rd2+ 38.Kg1 g5 39.R1c2 Rxc2 40.Rxc2 f5 41.a4 Bxa4 42.Rc7+ Kf6 43.Rxb7 Bc6
44.Rh7 Kg6 45.Re7 Bd5 46.Re8 g4 47.Rg8+ Kh5 48.hxg4+ fxg4 49.Kh2 Be4 50.Rh8+ Kg5
51.Rg8+ Kf4 52.Rh8 g3+ 53.Kg1 Kg4 54.Rg8+ Kh3 55.Rg5 Bf5 56.Rg8 Bg4 57.Rg5 g2
58.Re5 Kg3 59.Rxe6 h3 60.Rh6 h2+ 61.Rxh2 Bh3 62.Rxg2+ Bxg2  1/2-1/2

[Event "6th Zurich Opening Blitz"]
[Site "Zurich SUI"]
[Date "2017.04.12"]
[Round "5.2"]
[White "Nepomniachtchi,I"]
[Black "Nakamura,Hi"]
[Result "1/2-1/2"]
[WhiteElo "2751"]
[BlackElo "2793"]

1.c4 e6 2.Nc3 d5 3.d4 Be7 4.cxd5 exd5 5.Bf4 Nf6 6.e3 Bf5 7.Nge2 O-O 8.Ng3 Bg6
9.h4 h6 10.h5 Bh7 11.Bd3 c6 12.Bxh7+ Nxh7 13.Nf5 Nd7 14.g4 Re8 15.Qc2 b5
16.Ne2 Rc8 17.Bd6 Bf8 18.Bxf8 Ndxf8 19.f3 a5 20.O-O-O Ne6 21.Kb1 Nhg5 22.Rhf1 b4
23.Nc1 c5 24.dxc5 Nxc5 25.Qd2 Qc7 26.Qxd5 Rcd8 27.Qc4 Rxd1 28.Rxd1 Nxf3 29.Nb3 Ne6
30.Qxc7 Nxc7 31.Nxa5 g6 32.Nd4 Rxe3 33.hxg6 fxg6 34.Nc4 Re1 35.Rxe1 Nxe1
36.Kc1 h5 37.gxh5 gxh5 38.Kd2 Ng2 39.Ke2 Nf4+ 40.Kf3 Nd3 41.Kg3 Nc1 42.Kh4 Nxa2  1/2-1/2

[Event "6th Zurich Opening Blitz"]
[Site "Zurich SUI"]
[Date "2017.04.12"]
[Round "6.3"]
[White "Nakamura,Hi"]
[Black "Svidler,P"]
[Result "1/2-1/2"]
[WhiteElo "2793"]
[BlackElo "2747"]

1.Nf3 d6 2.c4 e5 3.Nc3 f5 4.g3 Nf6 5.d3 g6 6.Bg2 Bg7 7.O-O Nc6 8.Rb1 a5 9.a3 O-O
10.b4 axb4 11.axb4 h6 12.b5 Ne7 13.Qb3 Be6 14.Nd2 c6 15.Ba3 Rf7 16.bxc6 bxc6
17.Qb4 d5 18.Qd6 Qxd6 19.Bxd6 e4 20.cxd5 Nfxd5 21.Nxd5 Nxd5 22.dxe4 Nc3 23.exf5 Bxf5
24.Rbe1 Ra2 25.Bf4 Rd7 26.e4 Be6 27.Nf3 Ne2+ 28.Kh1 Nxf4 29.gxf4 Bc4 30.Bh3 Rf7
31.f5 Bxf1 32.Bxf1 Rxf2 33.Bc4 gxf5 34.Nh4 fxe4 35.Rxe4 Kh7 36.Bxf7 Rxf7
37.Rc4 Rf6 38.Kg2 Bf8 39.Nf3 c5 40.Ne5 Bd6 41.Nd3 Rf5 42.Nf2 Kg6 43.Ne4 Be7
44.Rc3 Kf7 45.Rf3 Ke6 46.Rxf5 Kxf5 47.Nxc5 Ke5  1/2-1/2

[Event "6th Zurich Opening Blitz"]
[Site "Zurich SUI"]
[Date "2017.04.12"]
[Round "7.3"]
[White "Anand,V"]
[Black "Nakamura,Hi"]
[Result "1/2-1/2"]
[WhiteElo "2786"]
[BlackElo "2793"]

1.e4 e5 2.Nf3 Nc6 3.Bb5 Nf6 4.O-O Nxe4 5.Re1 Nd6 6.Nxe5 Be7 7.Bf1 Nf5 8.Nf3 O-O
9.d4 d5 10.c3 Bd6 11.Bd3 Re8 12.Rxe8+ Qxe8 13.Nbd2 Bd7 14.Nf1 Nce7 15.h3 f6
16.Ne3 Nxe3 17.Bxe3 Bf5 18.Bf1 c6 19.Qb3 Qd7 20.Re1 Be4 21.Nd2 Bg6 22.Nf3 Re8
23.Nh4 Bh5 24.g4 Bf7 25.Bd3 h5 26.Qd1 Bc7 27.Qf3 Be6 28.Nf5 Nxf5 29.gxf5  1/2-1/2

[Event "Zurich Korchnoi CC 2017"]
[Site "Zurich SUI"]
[Date "2017.04.13"]
[Round "1.4"]
[White "Nakamura,Hi"]
[Black "Pelletier,Y"]
[Result "1-0"]
[WhiteElo "2793"]
[BlackElo "2541"]

1.Nf3 Nf6 2.g3 d5 3.Bg2 c6 4.O-O Bg4 5.h3 Bh5 6.d3 Nbd7 7.Qe1 e5 8.e4 dxe4
9.dxe4 Be7 10.Nbd2 O-O 11.Nh4 Re8 12.Nc4 Bf8 13.a4 Qc7 14.Bd2 Nc5 15.Ba5 b6
16.Bc3 Nfd7 17.f4 f6 18.fxe5 fxe5 19.Ne3 Ne6 20.Nef5 Rad8 21.Kh1 Nf6 22.Nh6+ gxh6
23.Rxf6 Nd4 24.Rf2 Bg6 25.Qe3 Qg7 26.Raf1 Be7 27.Nxg6 Qxg6 28.Be1 Rf8 29.b4 Rxf2
30.Rxf2 Rf8 31.c3 Rxf2 32.Bxf2 Ne6 33.h4 Nc7 34.Qd3 Qd6 35.Qc4+ Qe6 36.Qxe6+ Nxe6
37.Be3 Bf8 38.Bh3 Kf7 39.Bf1 Nc7 40.Bc4+ Kf6 41.Kg2 Ne8 42.Bg8 Kg7 43.Be6 Nf6
44.Kf3 Kg6 45.Bf5+ Kg7 46.Ke2 h5 47.Kd3 Kf7 48.a5  1-0

[Event "Zurich Korchnoi CC 2017"]
[Site "Zurich SUI"]
[Date "2017.04.14"]
[Round "2.2"]
[White "Oparin,G"]
[Black "Nakamura,Hi"]
[Result "0-1"]
[WhiteElo "2604"]
[BlackElo "2793"]

1.e4 e5 2.Nf3 Nc6 3.Bc4 Bc5 4.c3 Nf6 5.d3 d6 6.O-O a6 7.a4 O-O 8.Re1 Ba7
9.h3 Ne7 10.Nbd2 Ng6 11.d4 Re8 12.Qb3 Qe7 13.Nf1 c6 14.dxe5 dxe5 15.Ng5 Rf8
16.a5 Nh4 17.g3 Ng6 18.Kg2 Ne8 19.Qc2 Nd6 20.Bb3 Kh8 21.Qe2 h6 22.Qh5 Qe8
23.Be3 f6 24.Nf7+ Nxf7 25.Qxg6 Bxh3+ 26.Kh2 Bxf1 27.Bxa7 Ng5 28.Qxe8 Rfxe8
29.Rxf1 Rxa7 30.Rad1 b6 31.axb6 Rb7 32.Bc2 a5 33.Rd6 Rxb6 34.b3 Ne6 35.Rb1 Nc5
36.b4 axb4 37.Rxb4 Ra6 38.Rc4 Ra2 39.Bd1 Nb7 40.Rdxc6 Rxf2+ 41.Kg1 Rd2 42.Bh5 Ra8
43.Rc8+ Rxc8 44.Rxc8+ Kh7 45.Bg4 Nd6 46.Rc6 Kg6 47.Bf3 Nf7 48.c4 Ng5 49.Bg2 Kh5
50.c5 Kg4 51.Ra6 Rc2 52.c6 Kxg3 53.Ra3+ Kf4 54.Ra6 h5  0-1

[Event "Zurich Korchnoi CC 2017"]
[Site "Zurich SUI"]
[Date "2017.04.14"]
[Round "3.3"]
[White "Nakamura,Hi"]
[Black "Svidler,P"]
[Result "0-1"]
[WhiteElo "2793"]
[BlackElo "2747"]

1.c4 g6 2.Nc3 c5 3.g3 Bg7 4.Bg2 Nc6 5.e3 e5 6.Nge2 Nge7 7.O-O O-O 8.Nd5 d6
9.Nec3 Bf5 10.d3 Qd7 11.a3 Bh3 12.Rb1 Bxg2 13.Kxg2 Nxd5 14.cxd5 Ne7 15.b4 cxb4
16.axb4 Bh6 17.e4 Bxc1 18.Rxc1 Rfc8 19.Qd2 Rc7 20.f4 Rac8 21.fxe5 dxe5 22.Rc2 Qd6
23.Qf2 Nf5 24.exf5 Rxc3 25.Rxc3 Rxc3 26.Qf3 gxf5 27.Qxf5 Qxd5+ 28.Kh3 Rc6
29.g4 Rd6 30.Rf3 Qe6 31.Qg5+ Kf8 32.Re3 Qh6+ 33.Qxh6+ Rxh6+ 34.Kg3 Rb6 35.Re4 f6
36.h4 Rd6 37.Re3 Rd4 38.g5 Kg7 39.b5 Rb4 40.gxf6+ Kxf6 41.Rf3+ Kg7 42.Rf2 Rxb5
43.Ra2 a5 44.Kg4 Kf6 45.Ra3 Kg6 46.h5+ Kf6 47.Ra1 Rb4+ 48.Kg3 a4 49.Rf1+ Kg5  0-1

[Event "Zurich Korchnoi CC 2017"]
[Site "Zurich SUI"]
[Date "2017.04.15"]
[Round "4.3"]
[White "Kramnik,V"]
[Black "Nakamura,Hi"]
[Result "1/2-1/2"]
[WhiteElo "2811"]
[BlackElo "2793"]

1.d4 Nf6 2.Nf3 d5 3.e3 e6 4.Nbd2 c5 5.b3 cxd4 6.exd4 Nc6 7.Bb2 g6 8.Bb5 Bg7
9.O-O O-O 10.Re1 Qb6 11.a4 Bd7 12.c4 a6 13.Bxc6 Bxc6 14.c5 Qc7 15.b4 Ne4
16.Ne5 Nxd2 17.Qxd2 b5 18.cxb6 Qxb6 19.Rec1 Rfc8 20.Rc5 Be8 21.Nd3 Rcb8 22.Bc3 Qd8
23.Ra5 Bf8 24.Nc5 Rb6 25.g3 Bd6 26.h4 Bc7 27.b5 axb5 28.Rxa8 Qxa8 29.axb5 Qc8
30.Ba5 Rxb5 31.Bxc7 Qxc7 32.Qg5 Rb8 33.h5 Qd8 34.Qe5 gxh5 35.Ra7 Rb6 36.Qxh5 Kg7
37.Qg4+ Kf8 38.Qf4 Kg7 39.Qg4+ Kf8 40.Kg2 h6 41.Qf3 Kg7 42.Qa3 Qf6 43.Ra8 Bb5
44.Qa5 Bc6 45.Qxb6 Bxa8 46.Qc7 h5 47.f3 Qf5 48.Nd7 Bb7 49.Qc5 Ba6 50.Kf2 Kh7
51.Ne5 Kg7 52.Nd7 Bc4 53.Qf8+ Kh7 54.Ne5 Qc2+ 55.Kg1 Qd1+ 56.Kh2 Qd2+ 57.Kh3 Bf1+
58.Kh4 Qh2+ 59.Kg5 Qxg3+ 60.Ng4 hxg4 61.Qxf7+ Kh8 62.Qf8+ Kh7 63.Qf7+ Kh8  1/2-1/2

[Event "Zurich Korchnoi CC 2017"]
[Site "Zurich SUI"]
[Date "2017.04.15"]
[Round "5.2"]
[White "Nakamura,Hi"]
[Black "Nepomniachtchi,I"]
[Result "1-0"]
[WhiteElo "2793"]
[BlackElo "2751"]

1.d4 Nf6 2.Nf3 g6 3.e3 Bg7 4.c4 O-O 5.Be2 b6 6.O-O Bb7 7.Nc3 d5 8.cxd5 Nxd5
9.Bd2 Nd7 10.Nxd5 Bxd5 11.Bc3 c5 12.Rc1 e6 13.Qa4 a6 14.Qa3 Qb8 15.dxc5 Bxc3
16.Qxc3 bxc5 17.Nd2 a5 18.a4 Qb7 19.e4 Bc6 20.b3 Rfb8 21.Qe3 Qc7 22.Rfd1 Rb4
23.Nc4 Rab8 24.Rc3 Nf6 25.f3 Nd7 26.Qd2 Nb6 27.Qg5 Nxc4 28.Bxc4 e5 29.h4 Kg7
30.h5 h6 31.Qe3 Rd8 32.Rxd8 Qxd8 33.hxg6 fxg6 34.Qxc5 Qb6 35.Bb5  1-0

[Event "Zurich Korchnoi CC 2017"]
[Site "Zurich SUI"]
[Date "2017.04.16"]
[Round "7.1"]
[White "Nakamura,Hi"]
[Black "Anand,V"]
[Result "1/2-1/2"]
[WhiteElo "2793"]
[BlackElo "2786"]

1.c4 c5 2.g3 g6 3.Bg2 Bg7 4.e3 e6 5.d4 cxd4 6.exd4 d5 7.cxd5 exd5 8.Nc3 Ne7
9.Nge2 Nbc6 10.O-O O-O 11.Be3 Be6 12.Nf4 Nf5 13.Ncxd5 Bxd5 14.Nxd5 Ncxd4
15.Bd2 Re8 16.Kh1 Re6 17.Rc1 Rd6 18.Nc3 Ne2 19.Qxe2 Rxd2 20.Qb5 Nd6 21.Qb3 Qb6
22.Ne4 Nxe4 23.Bxe4 Bxb2 24.Qxb6 axb6 25.Rcd1 Rad8 26.Bf3 Ba3 27.Rfe1 Rxd1
28.Rxd1 Rxd1+ 29.Bxd1 b5 30.Kg2 Bc5  1/2-1/2

[Event "Zurich Korchnoi CC Blitz"]
[Site "Zurich SUI"]
[Date "2017.04.17"]
[Round "1.4"]
[White "Pelletier,Y"]
[Black "Nakamura,Hi"]
[Result "0-1"]
[WhiteElo "2541"]
[BlackElo "2793"]

1.d4 Nf6 2.c4 e6 3.Nf3 d5 4.Nc3 a6 5.cxd5 exd5 6.Bg5 Be6 7.e3 Nbd7 8.Bd3 h6
9.Bh4 Be7 10.O-O O-O 11.Rc1 Re8 12.h3 Bd6 13.Ne2 c6 14.Bg3 Qb8 15.Bxd6 Qxd6
16.Ng3 Rac8 17.Re1 a5 18.Re2 Rc7 19.Rec2 Rec8 20.Qe1 Qb4 21.Nf5 Qxe1+ 22.Nxe1 Rd8
23.f3 Bxf5 24.Bxf5 Nb6 25.g4 Nc4 26.Kf2 Re7 27.Ng2 a4 28.Bd3 Nd6 29.Rc5 Ra8
30.h4 Nfe8 31.g5 hxg5 32.hxg5 g6 33.Re1 Ng7 34.Nf4 Rae8 35.Ra5 Ngf5 36.Ng2 b5
37.Ra6 Rc7 38.Rc1 Rec8 39.b3 axb3 40.axb3 Kg7 41.Bxf5 Nxf5 42.Nf4 Ne7 43.Ra2 Rh8
44.Rac2 Ra7 45.Nd3 Nf5 46.Nf4 Rh2+ 47.Kg1 Rh4 48.Rxc6 Nxe3 49.Rf6 Nf5 50.Ne2 Ra2
51.Rc7 Rxe2 52.Rfxf7+ Kg8 53.Rfd7 Re8 54.Rc6 Ne7 55.Re6 Rh7 56.Rxd5 Nxd5
57.Rxe8+ Kf7 58.Re5 Nc3 59.b4 Rh4 60.Rc5 Ne2+ 61.Kf2 Nxd4 62.Kg3 Rh1 63.Rd5 Nf5+
64.Kf2 Rh2+ 65.Kg1 Rg2+ 66.Kh1 Rxg5 67.Kh2 Nh4  0-1

[Event "Zurich Korchnoi CC Blitz"]
[Site "Zurich SUI"]
[Date "2017.04.17"]
[Round "2.2"]
[White "Nakamura,Hi"]
[Black "Oparin,G"]
[Result "1-0"]
[WhiteElo "2793"]
[BlackElo "2604"]

1.Nf3 Nf6 2.g3 b5 3.Bg2 Bb7 4.Na3 a6 5.c4 b4 6.Nc2 e6 7.O-O Be7 8.d4 Be4
9.a3 bxa3 10.b3 O-O 11.Bxa3 d6 12.Ne3 c6 13.Qd2 Nbd7 14.Nd1 Qb6 15.Nc3 Qxb3
16.Ne5 dxe5 17.Bxe7 exd4 18.Nxe4 Nxe4 19.Bxe4 Rfe8 20.Bxc6 Ra7 21.Qxd4  1-0

[Event "Zurich Korchnoi CC Blitz"]
[Site "Zurich SUI"]
[Date "2017.04.17"]
[Round "3.2"]
[White "Svidler,P"]
[Black "Nakamura,Hi"]
[Result "1/2-1/2"]
[WhiteElo "2747"]
[BlackElo "2793"]

1.Nf3 d5 2.g3 g6 3.Bg2 Bg7 4.d4 Nd7 5.O-O Ngf6 6.b3 O-O 7.Bb2 c5 8.Na3 b6
9.c4 Bb7 10.cxd5 Bxd5 11.Rc1 e6 12.Nc4 Qe7 13.Nfe5 Bxg2 14.Kxg2 Rac8 15.e3 Nxe5
16.dxe5 Nd5 17.Qe2 Rcd8 18.a3 Qc7 19.Rfd1 Ne7 20.Qf3 Nf5 21.Qe4 b5 22.Nd2 Qb6
23.Nf3 a6 24.Qc2 Rc8 25.e4 Ne7 26.Rd6 Qb7 27.Qe2 Rc7 28.h4 c4 29.bxc4 Bh6
30.Rc2 Rxc4 31.Rxc4 bxc4 32.Nh2 Qb3 33.Ng4 Bg7 34.Nf6+ Kh8 35.Rd7 c3 36.Bxc3 Qxc3
37.Rxe7 Qxe5 38.Ng4 Qc5 39.Rb7 h5 40.Nh2 Qxa3 41.Nf3 a5 42.Ng5 Kg8 43.Qc4 Qc3
44.Qb5 Qe5 45.Qd7 Qd4 46.Qc7 Qe5 47.Qd7 Qd4 48.Qc7 Qe5  1/2-1/2

[Event "Zurich Korchnoi CC Blitz"]
[Site "Zurich SUI"]
[Date "2017.04.17"]
[Round "4.3"]
[White "Nakamura,Hi"]
[Black "Kramnik,V"]
[Result "1-0"]
[WhiteElo "2793"]
[BlackElo "2811"]

1.Nf3 d5 2.g3 c6 3.Bg2 Bg4 4.O-O Nf6 5.h3 Bh5 6.d3 Nbd7 7.Qe1 e5 8.e4 Be7
9.Nh4 O-O 10.Nd2 Re8 11.Nb3 a5 12.a4 Nc5 13.Nxc5 Bxc5 14.Bg5 h6 15.Bd2 Nh7
16.Kh2 Nf8 17.Be3 Ne6 18.Bxc5 Nxc5 19.Qc3 b6 20.exd5 cxd5 21.d4 Ne4 22.Qd3 exd4
23.Qxd4 Rc8 24.Nf5 Qg5 25.g4 Rxc2 26.f4 Qg6 27.Nh4 Qf6 28.Qxf6 Nxf6 29.gxh5 Nxh5
30.Kg1 Ng3 31.Rf3 Ne2+ 32.Kh1 g6 33.Bf1 Rxb2 34.Rd1 d4 35.Ng2 Re4 36.Re1 Kg7
37.Rxe2 Rexe2 38.Bxe2 Rxe2 39.Rd3 b5 40.axb5 Rb2 41.Rxd4 Rxb5 42.Kh2 g5 43.Rd6 f6
44.Kg3 Kg6 45.Ne3 gxf4+ 46.Kxf4 Rb4+ 47.Kf3 a4 48.Ra6 Rd4 49.Ng2 Kg5 50.Ra5+ f5
51.Ne3 Rd3 52.Rxa4 Rd6 53.Ra5 Rf6 54.Ng2 Rb6 55.h4+ Kg6 56.Nf4+ Kh7 57.Rxf5 Rb7
58.h5 Ra7 59.Rb5 Rd7 60.Ke4 Rf7 61.Re5 Ra7 62.Nd5 Ra1 63.Re7+ Kh8 64.Kf5 Rg1
65.Nf4 Kg8 66.Ra7 Rf1 67.Ra6 Kg7 68.Rg6+ Kh7 69.Rg4 Ra1 70.Nd5 Kh8 71.Kg6 Ra5
72.Rc4 Ra6+ 73.Nf6 Rc6 74.Rd4 Rd6 75.Rd5 Rd7 76.Nxd7  1-0

[Event "Zurich Korchnoi CC Blitz"]
[Site "Zurich SUI"]
[Date "2017.04.17"]
[Round "5.2"]
[White "Nepomniachtchi,I"]
[Black "Nakamura,Hi"]
[Result "1/2-1/2"]
[WhiteElo "2751"]
[BlackElo "2793"]

1.e4 e5 2.Nf3 Nc6 3.Bc4 Bc5 4.O-O Nf6 5.d3 d6 6.h3 a6 7.a4 O-O 8.c3 Ba7 9.Re1 Ne7
10.d4 Ng6 11.Bd3 Re8 12.Qc2 Be6 13.Be3 d5 14.dxe5 dxe4 15.Bxe4 Nxe4 16.Bxa7 Rxa7
17.Qxe4 Bd5 18.Qe3 Bxf3 19.Qxf3 Nxe5  1/2-1/2

[Event "Zurich Korchnoi CC Blitz"]
[Site "Zurich SUI"]
[Date "2017.04.17"]
[Round "6.4"]
[White "Nakamura,Hi"]
[Black "Gelfand,B"]
[Result "1/2-1/2"]
[WhiteElo "2793"]
[BlackElo "2724"]

1.d4 Nf6 2.c4 e6 3.Nf3 d5 4.Nc3 c6 5.e3 Nbd7 6.Qc2 Bd6 7.Be2 O-O 8.O-O Re8
9.Bd2 a6 10.Rad1 e5 11.dxe5 Nxe5 12.cxd5 cxd5 13.Bc1 Nc6 14.Qb3 Be6 15.Ng5 Qc7
16.h3 Rad8 17.Nxe6 fxe6 18.Qa4 Bc5 19.Kh1 Ba7 20.Qh4 Bb8 21.f4 e5 22.Bd3 e4
23.Bc2 d4 24.Bb3+ Kh8 25.exd4 Nxd4 26.Nd5 Nxd5 27.Rxd4 Nf6 28.Be3 b5 29.Rxd8 Rxd8
30.Rc1 Qe7 31.Rc6 Nd5 32.Qxe7 Nxe7 33.Re6 Nf5 34.Bb6 Rf8 35.Kg1 Ng3 36.Bc5 Rc8
37.Be3 Bxf4 38.Kf2 Nh1+ 39.Ke2 Ng3+ 40.Kf2 Nh1+ 41.Ke2  1/2-1/2

[Event "Zurich Korchnoi CC Blitz"]
[Site "Zurich SUI"]
[Date "2017.04.17"]
[Round "7.1"]
[White "Anand,V"]
[Black "Nakamura,Hi"]
[Result "1/2-1/2"]
[WhiteElo "2786"]
[BlackElo "2793"]

1.e4 e5 2.Nf3 Nc6 3.Bb5 Nf6 4.d3 Bc5 5.Bxc6 dxc6 6.Be3 Bd6 7.h3 Be6 8.Nc3 Nd7
9.Ng5 Nf8 10.O-O f6 11.Nxe6 Nxe6 12.Ne2 O-O 13.c3 Kh8 14.Qb3 Qc8 15.d4 exd4
16.cxd4 c5 17.dxc5 Nxc5 18.Qc2 Ne6 19.Nd4 Nxd4 20.Bxd4 Qe6 21.a3 Rad8 22.Rad1 Rfe8
23.Rfe1 a5 24.Bc5 Be5 25.b4 axb4 26.axb4 h6  1/2-1/2

[Event "chess.com Speed 5m+2spm 2017"]
[Site "chess.com INT"]
[Date "2017.05.03"]
[Round "1.6"]
[White "Nakamura,Hi"]
[Black "Grigoriants,S RUS"]
[Result "1/2-1/2"]
[WhiteElo "2786"]
[BlackElo "2576"]

1.Nf3 Nf6 2.c4 g6 3.Nc3 Bg7 4.e4 d6 5.d4 O-O 6.Be2 e5 7.d5 a5 8.Bg5 Na6 9.Nd2 Qe8
10.O-O Nd7 11.a3 Nb6 12.b3 Bd7 13.Rb1 c5 14.dxc6 bxc6 15.b4 axb4 16.axb4 Nc7
17.c5 dxc5 18.bxc5 Nc8 19.Be3 Ne6 20.Nb3 Qe7 21.Bc4 Rd8 22.Ra1 Rb8 23.Re1 Nd4
24.Nxd4 exd4 25.Bxd4 Be6 26.Nd5 cxd5 27.exd5 Rb4 28.Rc1 Rxd5 29.Qd2 Rxc4
30.Rxc4 Rd8 31.Rb4 Qxc5 32.Bxc5 Rxd2 33.Rb8 Rc2 34.Rxc8+ Bxc8 35.Re8+ Bf8
36.Rxf8+ Kg7 37.Ba3 Ra2 38.Rxc8  1/2-1/2